Contemporary publishing and book trade in Kenya / (Record no. 11297)

MARC details
000 -LEADER
fixed length control field 00828nam a22002412 4500
001 - CONTROL NUMBER
control field 0000019964
005 - DATE AND TIME OF LATEST TRANSACTION
control field 20151217154437.0
008 - FIXED-LENGTH DATA ELEMENTS--GENERAL INFORMATION
fixed length control field 110405s xx 000 0 eng d
020 ## - INTERNATIONAL STANDARD BOOK NUMBER
International Standard Book Number 9966854568 :
040 ## - CATALOGING SOURCE
Original cataloging agency KABU
Transcribing agency KABU
245 10 - TITLE STATEMENT
Title Contemporary publishing and book trade in Kenya /
Statement of responsibility, etc. D. C. Rotich and K. S. Buigutt (editors)
250 ## - EDITION STATEMENT
Edition statement 1st ed.
260 ## - PUBLICATION, DISTRIBUTION, ETC. (IMPRINT)
Place of publication, distribution, etc. Moi university, Eldoret :
Name of publisher, distributor, etc. Moi university,
Date of publication, distribution, etc. 2009.
300 ## - PHYSICAL DESCRIPTION
Extent x, 101 p.
650 #0 - SUBJECT ADDED ENTRY--TOPICAL TERM
Topical term or geographic name as entry element Publishers and publishing
Geographic subdivision Kenya.
-- 0000179976
650 #0 - SUBJECT ADDED ENTRY--TOPICAL TERM
Topical term or geographic name as entry element Book industries and trade
Geographic subdivision Kenya.
-- 0000179977
700 1# - ADDED ENTRY--PERSONAL NAME
Personal name Rotich, D. C.
-- 0000179978
700 1# - ADDED ENTRY--PERSONAL NAME
Personal name Buigutt, K. S.
-- 0000179979
852 1# - LOCATION
-- p300 KES
852 1# - LOCATION
-- p390 KES
908 ## - PUT COMMAND PARAMETER (RLIN)
Put command parameter 110405
950 ## - LOCAL HOLDINGS (RLIN)
-- 1
Holdings
Withdrawn status Lost status Source of classification or shelving scheme Not for loan Home library Current library Date acquired Total Checkouts Full call number Barcode Date last seen Price effective from Koha item type
    Library of Congress Classification   Kabarak, Main Campus Kabarak, Main Campus 17/12/2015   Z467 .K4C66 2009 c.1 21886 17/12/2015 17/12/2015 General Collection
    Library of Congress Classification   Kabarak, Main Campus Kabarak, Main Campus 17/12/2015   Z467 .K4C66 2009 c.2 20583 17/12/2015 17/12/2015 General Collection
Designed with assistance from East African Informatics Ltd